Statistics for World Capitals Closest To Seoul

Click here to take the quiz!

General Stats

  • This quiz has been taken 95 times
    (68 since last reset)
  • The average score is 14 of 20

Answer Stats

Distance (km) Capital Distance (mi) % Correct
1155Tokyo718
100%
956Beijing594
98%
194Pyongyang120
95%
1480Taipei919
95%
2610Manila1622
92%
3722Bangkok2312
91%
2739Hanoi1702
89%
1998Ulaan Baatar1241
86%
3220Vientiane2001
77%
4603Kuala Lumpur2860
77%
3623Phnom Penh2251
71%
4024Kathmandu2500
66%
4551Astana2828
58%
3796Dhaka2359
57%
3655Thimphu2271
55%
4426Bishkek2750
52%
3580Naypyidaw2225
51%
3815Bandar Seri Begawan2370
49%
3435Ngerulmud2134
34%
4631Palikir2878
32%

Score Distribution

Percentile by Number Answered

Percent of People with Each Score

Your Score History

You have not taken this quiz since the last reset